[Event "Open Nuevo Centro. Jornada 5"]
[Site "Chess.com"]
[Date "2020.07.17"]
[Round "7"]
[White "Gukasov, Artem"]
[Black "Sampedro Roig, Josep Francesc"]
[Result "0-1"]
[WhiteElo "1494"]
[BlackElo "1691"]
[PlyCount "122"]
[EventDate "2020.??.??"]

1. e4 Nf6 2. Nc3 d5 3. exd5 Nxd5 4. Nxd5 Qxd5 5. d4 Nc6 6. Nf3 Bg4 7. c3 Bxf3
8. Qxf3 Qxf3 9. gxf3 e5 10. Bb5 exd4 11. Bxc6+ bxc6 12. cxd4 O-O-O 13. Be3 Bb4+
14. Ke2 Rhe8 15. Kd3 c5 16. Kc4 cxd4 17. Bxd4 Bf8 18. Bxa7 Re2 19. Bd4 c5 20.
Be3 Rxb2 21. Rhb1 Rb4+ 22. Rxb4 cxb4 23. a4 bxa3 24. Bc1 Rd1 25. Kc3 Rf1 26.
Kb3 Rxf2 27. Bxa3 Rxf3+ 28. Kb2 Bxa3+ 29. Rxa3 Rf2+ 30. Kc1 Rxh2 31. Ra8+ Kd7
32. Ra7+ Ke6 33. Ra6+ Kf5 34. Ra7 Kg6 35. Ra6+ f6 36. Kd1 Rf2 37. Ke1 Rf4 38.
Ra3 h5 39. Rg3+ Rg4 40. Rh3 Kg5 41. Kf2 h4 42. Kf3 Rg3+ 43. Rxg3+ hxg3 44. Kxg3
Kf5 45. Kf3 g5 46. Kg3 Ke4 47. Kf2 f5 48. Ke2 g4 49. Kf2 Kd3 50. Kg3 Ke2 51.
Kg2 f4 52. Kg1 f3 53. Kh2 f2 54. Kg3 f1=Q 55. Kh4 Kf3 56. Kh5 Qb5+ 57. Kh4 Qe8
58. Kg5 g3 59. Kh4 Qh8+ 60. Kg5 Qg7+ 61. Kh4 Qg4# 0-1

[Event "Open Nuevo Centro. Jornada 5"]
[Site "Chess.com"]
[Date "2020.07.17"]
[Round "7"]
[White "Méndez Giménez, Néstor Emmanuel"]
[Black "Valverde Alcaide, Miguel Alejandro"]
[Result "1/2-1/2"]
[WhiteElo "1141"]
[BlackElo "872"]
[PlyCount "149"]
[EventDate "2020.??.??"]

1. e4 e5 2. Nf3 Qe7 3. Nc3 Nf6 4. Bc4 d6 5. O-O h6 6. d4 Bd7 7. dxe5 dxe5 8.
Bb5 Bxb5 9. Nxb5 Nxe4 10. Qe2 f5 11. Nd2 a6 12. Nxe4 fxe4 13. Nc3 Qh4 14. Qxe4
Qxe4 15. Nxe4 Bd6 16. Nxd6+ cxd6 17. b4 O-O 18. f4 e4 19. Bb2 e3 20. Rfe1 Re8
21. Bd4 e2 22. Kf2 Nc6 23. Bb2 Nxb4 24. Rxe2 Rxe2+ 25. Kxe2 Nxc2 26. Rc1 Rc8
27. Kd3 Nb4+ 28. Kd2 Rxc1 29. Kxc1 Nxa2+ 30. Kc2 Nb4+ 31. Kc3 Nd5+ 32. Kd3
Nxf4+ 33. Ke3 Nxg2+ 34. Kf3 Ne1+ 35. Ke2 Ng2 36. Kf3 Ne1+ 37. Ke2 g5 38. Kxe1
d5 39. Kd2 Kf7 40. Kd3 Ke6 41. Bh8 g4 42. Bb2 h5 43. Kd4 h4 44. Ke3 Kf5 45. Kf2
b5 46. Kg2 h3+ 47. Kg3 Ke4 48. Kxg4 d4 49. Kxh3 d3 50. Bc1 Kf3 51. Kh4 Ke2 52.
h3 Kd1 53. Bh6 d2 54. Kg4 Kc1 55. h4 Kc2 56. Bxd2 Kxd2 57. h5 b4 58. h6 b3 59.
h7 b2 60. h8=Q b1=Q 61. Qh2+ Kc3 62. Qe5+ Kb3 63. Qb8+ Kc2 64. Qc7+ Kb2 65.
Qb6+ Kc2 66. Qxa6 Qb4+ 67. Kf5 Qf8+ 68. Ke5 Qc5+ 69. Ke4 Kc3 70. Qd3+ Kb4 71.
Qb1+ Kc4 72. Qa2+ Kb5 73. Qe2+ Qc4+ 74. Ke3 Qxe2+ 75. Kxe2 1/2-1/2

[Event "Open Nuevo Centro. Jornada 5"]
[Site "Chess.com"]
[Date "2020.07.17"]
[Round "7"]
[White "Yuste Valenzuela, Alejandro"]
[Black "Vega Gutiérrez, Sabrina"]
[Result "0-1"]
[WhiteElo "1850"]
[BlackElo "2168"]
[PlyCount "112"]
[EventDate "2020.??.??"]

1. e4 c5 2. Nf3 Nc6 3. d4 cxd4 4. c3 Nf6 5. e5 Nd5 6. cxd4 d6 7. exd6 e6 8. Nc3
Bxd6 9. Nxd5 exd5 10. Bd3 Qe7+ 11. Qe2 Bg4 12. Qxe7+ Bxe7 13. Be3 Bf6 14. Bb5
Rc8 15. h3 Bxf3 16. gxf3 O-O 17. Bxc6 Rxc6 18. Kd2 Rfc8 19. Rac1 Rc4 20. b3
R4c6 21. Rxc6 Rxc6 22. Rc1 Rxc1 23. Kxc1 Kf8 24. Kc2 Ke7 25. Kc3 Ke6 26. Kd3
Kf5 27. Bd2 Kg6 28. Bf4 Kh5 29. Bg3 Be7 30. Ke3 Bg5+ 31. Kd3 f5 32. f4 Bf6 33.
f3 Bh4 34. Bh2 Bf2 35. Ke2 Bxd4 36. Bg3 Bc5 37. Kd3 Bb6 38. a4 a5 39. Kc3 Bc5
40. Kd3 h6 41. Kc3 Be3 42. Kd3 Bb6 43. Kc3 Bc7 44. Kd4 g5 45. Kxd5 Bxf4 46.
Bxf4 gxf4 47. Ke5 Kg5 48. h4+ Kxh4 49. Kxf4 h5 50. Kxf5 Kg3 51. f4 h4 52. Kg5
h3 53. f5 h2 54. f6 h1=Q 55. f7 Qh8 56. Kg6 Kf4 0-1

[Event "Open Nuevo Centro. Jornada 5"]
[Site "Chess.com"]
[Date "2020.07.17"]
[Round "7"]
[White "Bascuñana Sánchez, Pablo"]
[Black "Montesinos Diaz, Luis"]
[Result "0-1"]
[WhiteElo "1588"]
[BlackElo "1749"]
[PlyCount "128"]
[EventDate "2020.??.??"]

1. e4 c6 2. d4 d5 3. exd5 cxd5 4. Bd3 Nc6 5. c3 g6 6. h3 Bf5 7. Nf3 Bxd3 8.
Qxd3 Bg7 9. Bf4 Nf6 10. Nbd2 O-O 11. O-O a6 12. Rfd1 b5 13. Nb3 Nd7 14. Nc5
Nxc5 15. dxc5 e6 16. Bd6 Re8 17. Nd4 Ne5 18. Bxe5 Bxe5 19. Nc6 Qc7 20. Nxe5
Qxe5 21. b4 Red8 22. Qd4 Qxd4 23. cxd4 a5 24. a3 Kf8 25. Rdb1 a4 26. Rc1 Ke7
27. f4 f6 28. Kf2 h6 29. Kf3 g5 30. g3 Rg8 31. Rg1 Kd7 32. h4 Raf8 33. hxg5
fxg5 34. Ke3 h5 35. Rh1 gxf4+ 36. gxf4 Rg3+ 37. Kf2 Rb3 38. Rxh5 Rxf4+ 39. Ke2
Re4+ 40. Kf2 Rxd4 41. Rh7+ Kc6 42. Re7 Re4 43. Ra7 d4 44. Ra6+ Kd5 45. Rd6+ Ke5
46. Rd8 Rh4 47. c6 Rh2+ 48. Kg1 Rc2 49. Rc8 d3 50. c7 d2 51. Rd8 Rbc3 52. Rd1
Rxc7 53. R8xd2 Rxd2 54. Rxd2 Rc3 55. Ra2 Kd4 56. Kf2 e5 57. Ke2 e4 58. Kd2 Kc4
59. Ra1 e3+ 60. Ke2 Kb3 61. Rd1 Kxa3 62. Rd3 Kxb4 63. Rxe3 Rxe3+ 64. Kxe3 Kc3
0-1

[Event "Open Nuevo Centro. Jornada 5"]
[Site "Chess.com"]
[Date "2020.07.17"]
[Round "7"]
[White "Martínez Cuenca, Jose Andrés"]
[Black "Garrido Silos, Pablo"]
[Result "0-1"]
[WhiteElo "983"]
[BlackElo "1440"]
[PlyCount "126"]
[EventDate "2020.??.??"]

1. e4 e6 2. Qe2 d5 3. exd5 Qxd5 4. Nc3 Qd8 5. Nf3 Nf6 6. Qd1 Be7 7. d4 O-O 8.
Bd3 b6 9. O-O Bb7 10. Bd2 Nbd7 11. Nb5 c5 12. dxc5 Nxc5 13. Be2 Nce4 14. Be3
Qxd1 15. Raxd1 Bc5 16. Bxc5 Nxc5 17. Nc7 Rac8 18. Nb5 a6 19. Nc3 Rfd8 20. Rxd8+
Rxd8 21. Rd1 Rxd1+ 22. Bxd1 Bxf3 23. Bxf3 b5 24. b3 b4 25. Na4 Nxa4 26. bxa4 a5
27. Kf1 Kf8 28. Ke2 Ke7 29. Kd3 Kd6 30. Kc4 e5 31. Kb3 Kc5 32. a3 bxa3 33. Kxa3
Nd5 34. Bxd5 Kxd5 35. Kb3 Kd4 36. h3 f5 37. g3 g5 38. f3 e4 39. fxe4 fxe4 40.
c4 e3 41. Kc2 Kxc4 42. Kd1 Kb4 43. Ke2 Kxa4 44. Kxe3 Kb3 45. h4 gxh4 46. gxh4
a4 47. Kf4 a3 48. Kg5 a2 49. Kh6 a1=Q 50. Kxh7 Qh1 51. Kg6 Qxh4 52. Kf5 Qg3 53.
Ke4 Qf2 54. Kd5 Qe3 55. Kd6 Qe4 56. Kc5 Qd3 57. Kc6 Qd4 58. Kb7 Qc5 59. Ka6 Qb4
60. Ka7 Kc4 61. Ka6 Kc5 62. Ka7 Kc6 63. Ka8 Qb7# 0-1

[Event "Open Nuevo Centro. Jornada 5"]
[Site "Chess.com"]
[Date "2020.07.17"]
[Round "7"]
[White "Zamora Soler, Raul"]
[Black "Kovacevic, Slobodan"]
[Result "1-0"]
[WhiteElo "1842"]
[BlackElo "2185"]
[PlyCount "129"]
[EventDate "2020.??.??"]

1. e4 c5 2. Nf3 e6 3. d4 cxd4 4. Nxd4 a6 5. c4 Nf6 6. Nc3 Qc7 7. Be3 b6 8. Qd2
Bb7 9. f3 d6 10. Rc1 Nbd7 11. Be2 Be7 12. O-O O-O 13. b3 Rac8 14. Rfd1 Rfe8 15.
Na4 Qb8 16. Nc3 Bd8 17. Qe1 Bc7 18. g3 d5 19. Nxd5 exd5 20. cxd5 b5 21. Qf2 Ne5
22. Nf5 Bd6 23. Ba7 Rxc1 24. Bxb8 Rxd1+ 25. Bxd1 Bxb8 26. Kg2 g6 27. Qb6 gxf5
28. Qxf6 fxe4 29. fxe4 Nd7 30. Qg5+ Kh8 31. Bf3 Be5 32. Qf5 Re7 33. Bh5 f6 34.
Be8 Nc5 35. Bc6 Kg7 36. Qg4+ Kf7 37. Qh5+ Kg7 38. Qg4+ Kf8 39. Bxb7 Nxb7 40.
Kf3 Nd6 41. Qh5 b4 42. Qh6+ Kg8 43. Qc1 a5 44. Qc6 Kf7 45. Qa6 Rc7 46. Qxa5
Rc3+ 47. Kg2 Nxe4 48. Qxb4 Rc2+ 49. Kh3 Nf2+ 50. Kh4 Kg6 51. d6 Rc6 52. d7 Bc7
53. Qe7 Rd6 54. d8=Q Rxd8 55. Qxc7 Rd5 56. Qc2+ f5 57. Qxf2 Re5 58. Qf4 Re4 59.
Kh3 Rxf4 60. gxf4 Kf6 61. a4 Ke6 62. a5 Kd5 63. b4 Kc4 64. Kh4 Kb5 65. Kg5 1-0

[Event "Open Nuevo Centro. Jornada 5"]
[Site "Chess.com"]
[Date "2020.07.17"]
[Round "7"]
[White "Jordan Martinez, David"]
[Black "Garcia, Jhoel"]
[Result "1-0"]
[WhiteElo "2089"]
[BlackElo "2435"]
[PlyCount "131"]
[EventDate "2020.??.??"]

1. e4 c5 2. g3 Nc6 3. Bg2 g6 4. Ne2 Bg7 5. c3 d6 6. d4 cxd4 7. cxd4 Bg4 8. f3
Bd7 9. Nbc3 h5 10. Be3 h4 11. Qd2 h3 12. Bf1 Nf6 13. Nf4 e5 14. Nfd5 exd4 15.
Bxd4 Nxd4 16. Qxd4 O-O 17. Nxf6+ Bxf6 18. Qxd6 Rc8 19. Rd1 Rxc3 20. bxc3 Qa5
21. Qxf6 Be6 22. Bd3 Qxa2 23. f4 Qg2 24. Rf1 Qxh2 25. f5 Qxg3+ 26. Kd2 Qg2+ 27.
Kc1 Bb3 28. Rd2 Qg3 29. fxg6 h2 30. g7 Rc8 31. Qh6 Qxg7 32. Qxg7+ Kxg7 33. Kb2
h1=Q 34. Rxh1 Be6 35. Rg1+ Kf8 36. Rdg2 Ke7 37. e5 Rd8 38. Be4 a5 39. Ka3 b5
40. Bc6 Rc8 41. Bxb5 Rxc3+ 42. Ka4 Rc5 43. Kxa5 Rxe5 44. Kb6 Re3 45. Re2 Rb3
46. Kc5 Rc3+ 47. Kd4 Rc7 48. Rge1 Kd6 49. Bd3 Rb7 50. Ke3 Rb3 51. Rd2 Ke7 52.
Kf2 Rb4 53. Re4 Rb6 54. Bc4 Rb4 55. Rde2 Rb1 56. Bxe6 fxe6 57. Rxe6+ Kf7 58.
Ra6 Rb7 59. Rc2 Rd7 60. Rca2 Rd4 61. Rb6 Rf4+ 62. Kg3 Rf6 63. Ra7+ Kg6 64.
Rxf6+ Kg5 65. Rb6 Kh5 66. Ra5# 1-0

[Event "Open Nuevo Centro. Jornada 5"]
[Site "Chess.com"]
[Date "2020.07.17"]
[Round "7"]
[White "Yatseta Fernandez, Marc Kazymyr"]
[Black "Reig Albero, Ferran"]
[Result "0-1"]
[WhiteElo "1551"]
[BlackElo "1844"]
[PlyCount "151"]
[EventDate "2020.??.??"]

1. d4 Nf6 2. c4 e6 3. g3 d5 4. Bg2 Bb4+ 5. Bd2 Be7 6. Nf3 O-O 7. O-O c6 8. Bf4
b6 9. Nbd2 Nbd7 10. Ne5 Bb7 11. Rc1 Rc8 12. Ndf3 c5 13. cxd5 Bxd5 14. b3 cxd4
15. Nxd4 Rxc1 16. Qxc1 Bxg2 17. Kxg2 Nxe5 18. Bxe5 Ng4 19. Nf3 Nxe5 20. Nxe5
Qd5+ 21. Nf3 Rd8 22. Qc7 Rd7 23. Qc8+ Rd8 24. Qc7 Qd7 25. Qxd7 Rxd7 26. Rc1 h6
27. Ne5 Rd2 28. a4 Bf6 29. Nc6 a5 30. Kf3 Rb2 31. Na7 Rxb3+ 32. e3 Rb4 33. Nc8
Rxa4 34. Nxb6 Rb4 35. Nd7 Be7 36. Ra1 a4 37. h4 Rb7 38. Ne5 a3 39. Ra2 Rb3 40.
Nc4 Kf8 41. Ke2 f6 42. Kd2 Ke8 43. Kc2 Rb4 44. Nxa3 Ra4 45. Kb3 Rxa3+ 46. Rxa3
Bxa3 47. Kxa3 Kd7 48. Kb3 Kc6 49. Kc4 e5 50. f4 Kd6 51. Kd3 Kd5 52. e4+ Kc5 53.
Ke3 Kc4 54. f5 Kc3 55. g4 Kc2 56. g5 h5 57. Ke2 Kc1 58. gxf6 gxf6 59. Kd3 Kd1
60. Kc4 Ke2 61. Kd5 Kf3 62. Ke6 Kxe4 63. Kxf6 Kd4 64. Ke6 e4 65. f6 e3 66. f7
e2 67. f8=Q e1=Q+ 68. Kd6 Qxh4 69. Qh8+ Ke4 70. Qe5+ Kf3 71. Qc3+ Kg4 72. Qd4+
Kh3 73. Qe3+ Qg3+ 74. Qxg3+ Kxg3 75. Ke5 h4 76. Ke4 0-1

[Event "Open Nuevo Centro. Jornada 5"]
[Site "Chess.com"]
[Date "2020.07.17"]
[Round "8"]
[White "Pardo Ruiz, Beatriz"]
[Black "Yatseta Fernandez, Marc Kazymyr"]
[Result "0-1"]
[WhiteElo "1333"]
[BlackElo "1555"]
[PlyCount "36"]
[EventDate "2020.??.??"]

1. e4 e5 2. Nf3 Nc6 3. Bc4 d6 4. h3 Be7 5. Nc3 Nf6 6. d3 O-O 7. Be3 Be6 8. Nd5
a6 9. O-O Qd7 10. Bg5 h6 11. Bxf6 Bxf6 12. Nxf6+ gxf6 13. Bb3 Kh7 14. Qd2 Bxh3
15. gxh3 Qxh3 16. Nh2 Rg8+ 17. Qg5 Rxg5+ 18. Ng4 Rxg4# 0-1

[Event "Open Nuevo Centro. Jornada 5"]
[Site "Chess.com"]
[Date "2020.07.17"]
[Round "8"]
[White "Morata Briones, Carlos"]
[Black "Méndez Giménez, Néstor Emmanuel"]
[Result "0-1"]
[WhiteElo "942"]
[BlackElo "1146"]
[PlyCount "52"]
[EventDate "2020.??.??"]

1. e4 e6 2. Bc4 d5 3. exd5 exd5 4. Bb5+ c6 5. Bd3 Be7 6. Qe2 Nf6 7. Nf3 Bg4 8.
O-O O-O 9. h3 Bxf3 10. Qxf3 Bd6 11. b3 Be5 12. Nc3 Na6 13. Bb2 Nb4 14. Rae1
Nxd3 15. cxd3 Qc7 16. Qe3 Rfe8 17. d4 Bh2+ 18. Kh1 Rxe3 19. Rxe3 Bf4 20. Re2 h6
21. Rfe1 Kh7 22. Re7 Qd6 23. Rxf7 Re8 24. Rfe7 Rxe7 25. Rxe7 Qxe7 26. f3 Qe1#
0-1

[Event "Open Nuevo Centro. Jornada 5"]
[Site "Chess.com"]
[Date "2020.07.17"]
[Round "8"]
[White "Elenkov Olmo, Ivan"]
[Black "Rabbani Perez, Ayoub"]
[Result "1-0"]
[WhiteElo "951"]
[BlackElo "280"]
[PlyCount "25"]
[EventDate "2020.??.??"]

1. e4 e5 2. Nf3 Nf6 3. Nxe5 Nxe4 4. Qe2 Nxf2 5. Nc6+ Ne4 6. Qxe4+ Be7 7. Nxd8
Nc6 8. Nxc6 bxc6 9. b3 d5 10. Qe2 a5 11. Ba3 c5 12. Bxc5 Bd7 13. Qxe7# 1-0

[Event "Open Nuevo Centro. Jornada 5"]
[Site "Chess.com"]
[Date "2020.07.17"]
[Round "8"]
[White "Donate Peris, Jose Manuel"]
[Black "Perez Garcia, Jose Miguel"]
[Result "0-1"]
[WhiteElo "1540"]
[BlackElo "2049"]
[PlyCount "80"]
[EventDate "2020.??.??"]

1. d4 d5 2. c4 c6 3. cxd5 cxd5 4. Nf3 Nf6 5. Bf4 Nbd7 6. e3 e6 7. Bb5 a6 8. Bd3
Be7 9. O-O O-O 10. Nc3 b5 11. a3 Bb7 12. Ne5 Rc8 13. Rc1 Nb6 14. h4 Nc4 15.
Nxc4 dxc4 16. Bb1 Nd5 17. Qc2 g6 18. Bg3 Nxc3 19. Qxc3 Bxh4 20. Bxh4 Qxh4 21.
f3 Qg5 22. e4 Rcd8 23. Rcd1 Qf6 24. Qe3 Kg7 25. Kf2 Qh4+ 26. Kg1 Qh6 27. Qxh6+
Kxh6 28. Kf2 Kg7 29. Rh1 Rd7 30. Ke3 Rfd8 31. Rh4 h5 32. g4 hxg4 33. Rxg4 Kf8
34. e5 Ke7 35. Rh1 Rf8 36. Rh7 Kd8 37. Rhh4 Bd5 38. Be4 a5 39. Bxd5 Rxd5 40.
Rf4 g5 0-1

[Event "Open Nuevo Centro. Jornada 5"]
[Site "Chess.com"]
[Date "2020.07.17"]
[Round "8"]
[White "Llorens Ferrer, Francisco"]
[Black "Donate Moreno, Silvia"]
[Result "1-0"]
[WhiteElo "1644"]
[BlackElo "1978"]
[PlyCount "59"]
[EventDate "2020.??.??"]

1. e4 c5 2. Nf3 d6 3. d4 cxd4 4. Nxd4 Nf6 5. f3 a6 6. c4 e6 7. Be3 Be7 8. Nc3
O-O 9. Be2 Nc6 10. O-O Rb8 11. Qd2 Nxd4 12. Bxd4 Bd7 13. Rfd1 Qc7 14. b3 b5 15.
cxb5 axb5 16. Rac1 Qb7 17. g4 Rfc8 18. g5 Ne8 19. a4 bxa4 20. bxa4 Bc6 21. a5
Nc7 22. Rb1 Qa8 23. Rb6 Bb7 24. Rdb1 Na6 25. Qb2 Bd8 26. Rxb7 Rxb7 27. Qxb7
Qxb7 28. Rxb7 Bxg5 29. Bxa6 e5 30. Bb6 1-0

[Event "Open Nuevo Centro. Jornada 5"]
[Site "Chess.com"]
[Date "2020.07.17"]
[Round "8"]
[White "Gómez Alonso, Óscar"]
[Black "Bercaru, Vlad Ionut"]
[Result "1-0"]
[WhiteElo "1841"]
[BlackElo "1871"]
[PlyCount "39"]
[EventDate "2020.??.??"]

1. d4 Nf6 2. c4 g6 3. Nc3 Bg7 4. Nf3 O-O 5. g3 d6 6. Bg2 Nc6 7. O-O Rb8 8. h3
a6 9. d5 Ne5 10. Nxe5 dxe5 11. e4 Nd7 12. Be3 Nb6 13. b3 Qd6 14. Qd2 f5 15. Bh6
f4 16. Bxg7 Kxg7 17. Rac1 c5 18. Qb2 Bd7 19. Nb1 Qf6 20. Nd2 1-0

[Event "Open Nuevo Centro. Jornada 5"]
[Site "Chess.com"]
[Date "2020.07.17"]
[Round "8"]
[White "Cebolla Ruiz, David"]
[Black "Carbonell Bofill, Carlos Eloy"]
[Result "0-1"]
[WhiteElo "1496"]
[BlackElo "1991"]
[PlyCount "32"]
[EventDate "2020.??.??"]

1. e4 e5 2. Nf3 Nc6 3. Bb5 Bc5 4. Bxc6 dxc6 5. O-O f6 6. c3 Bg4 7. h3 h5 8.
hxg4 hxg4 9. Nh2 g3 10. Ng4 f5 11. d4 exd4 12. cxd4 Bxd4 13. exf5 gxf2+ 14.
Nxf2 Qh4 15. Qe2+ Ne7 16. Be3 Qh2# 0-1

[Event "Open Nuevo Centro. Jornada 5"]
[Site "Chess.com"]
[Date "2020.07.17"]
[Round "8"]
[White "Rodriguez Rodriguez, Joan David"]
[Black "Marques Montolio, Luis"]
[Result "1-0"]
[WhiteElo "1577"]
[BlackElo "1367"]
[PlyCount "61"]
[EventDate "2020.??.??"]

1. d4 c6 2. c4 d5 3. cxd5 cxd5 4. Bf4 Nf6 5. Nc3 a6 6. e3 e6 7. Bd3 Nc6 8. a3
Bd7 9. Rc1 Rc8 10. Nf3 Be7 11. O-O Qb6 12. Qc2 Na5 13. Ne5 O-O 14. Bg5 Bb5 15.
Bxb5 Qxb5 16. Nxb5 Rxc2 17. Rxc2 axb5 18. Bxf6 Bxf6 19. Nd7 Rd8 20. Nxf6+ gxf6
21. Rc7 Rb8 22. Rc5 Nc4 23. Rxb5 Nd2 24. Rc1 Nc4 25. a4 b6 26. Rc3 Kg7 27. h4
h5 28. Rcb3 Kg6 29. a5 Nxa5 30. Rxa5 bxa5 31. Rxb8 1-0

[Event "Open Nuevo Centro. Jornada 5"]
[Site "Chess.com"]
[Date "2020.07.17"]
[Round "8"]
[White "Cayon Pelaez, Pablo"]
[Black "Bosch Jordà, Ricard"]
[Result "0-1"]
[WhiteElo "1783"]
[BlackElo "1913"]
[PlyCount "42"]
[EventDate "2020.??.??"]

1. e4 c5 2. Nf3 Nc6 3. c3 Nf6 4. e5 Nd5 5. d4 cxd4 6. cxd4 d6 7. Bc4 dxe5 8.
dxe5 Nb6 9. Qxd8+ Nxd8 10. Bb3 g6 11. O-O Bg7 12. Bg5 h6 13. Bf4 O-O 14. Nc3
Bf5 15. Rac1 Nc6 16. Rfe1 Rad8 17. e6 Bxe6 18. Bxe6 fxe6 19. Rxe6 Rxf4 20. Rxg6
Kh7 21. Re6 Bxc3 0-1

[Event "Open Nuevo Centro. Jornada 5"]
[Site "Chess.com"]
[Date "2020.07.17"]
[Round "8"]
[White "Yuste Valenzuela, Alejandro"]
[Black "Sendra Tormo, Juan"]
[Result "0-1"]
[WhiteElo "1848"]
[BlackElo "2223"]
[PlyCount "60"]
[EventDate "2020.??.??"]

1. e4 c5 2. Nf3 d6 3. d4 cxd4 4. Nxd4 Nf6 5. Nc3 g6 6. Be3 Bg7 7. Bc4 Nc6 8. f3
O-O 9. Qd2 Bd7 10. O-O-O Rc8 11. Bb3 Nxd4 12. Bxd4 b5 13. Kb1 a5 14. Nd5 Nxd5
15. Bxg7 Kxg7 16. Bxd5 e6 17. h4 exd5 18. h5 g5 19. f4 h6 20. Qd4+ Qf6 21. Qxd5
Qxf4 22. Rhf1 Be6 23. Qd3 Qe5 24. Qf3 Rc4 25. Rde1 Rfc8 26. c3 b4 27. Rd1 bxc3
28. Rd5 Bxd5 29. exd5 c2+ 30. Kc1 Qf4+ 0-1

[Event "Open Nuevo Centro. Jornada 5"]
[Site "Chess.com"]
[Date "2020.07.17"]
[Round "8"]
[White "Más Ripoll, Vicente"]
[Black "Soler Nadal, Jose Antonio"]
[Result "0-1"]
[WhiteElo "1075"]
[BlackElo "1515"]
[PlyCount "54"]
[EventDate "2020.??.??"]

1. e4 c6 2. d4 d5 3. exd5 Qxd5 4. Nc3 Qd8 5. h3 Nf6 6. Nf3 Bf5 7. Bd3 Bxd3 8.
Qxd3 e6 9. Bg5 Be7 10. O-O h6 11. Bh4 Nbd7 12. Rad1 Qc7 13. Bg3 Bd6 14. Bxd6
Qxd6 15. Ne4 Nxe4 16. Qxe4 Nf6 17. Qd3 O-O-O 18. c3 g5 19. Ne5 Rhf8 20. a3 Nd7
21. Nxd7 Rxd7 22. b4 e5 23. f3 exd4 24. c4 Re8 25. Qh7 d3 26. Rf2 Qd4 27. Kh1
Qxf2 0-1

[Event "Open Nuevo Centro. Jornada 5"]
[Site "Chess.com"]
[Date "2020.07.17"]
[Round "8"]
[White "Bendayán Claros, Aaron"]
[Black "Gukasov, Artem"]
[Result "1/2-1/2"]
[WhiteElo "1946"]
[BlackElo "1504"]
[PlyCount "83"]
[EventDate "2020.??.??"]

1. d4 Nf6 2. Bg5 g6 3. Bxf6 exf6 4. c4 Bg7 5. Nc3 O-O 6. g3 d6 7. Bg2 f5 8. e3
Qe7 9. Nge2 Nd7 10. O-O Nf6 11. Qd3 c6 12. b4 d5 13. cxd5 cxd5 14. Nxd5 Nxd5
15. Bxd5 Qxb4 16. Rab1 Qe7 17. Rfc1 Rb8 18. a4 Be6 19. Bf3 b6 20. Rc6 Rfc8 21.
Rbc1 Rxc6 22. Rxc6 Rc8 23. Qc3 Rxc6 24. Qxc6 Qd7 25. Qa8+ Bf8 26. Bc6 Qc7 27.
Nf4 Kg7 28. h4 Bd6 29. d5 Bxf4 30. gxf4 Bd7 31. Bxd7 Qxd7 32. Qc6 Qe7 33. d6
Qxh4 34. d7 Qg4+ 35. Kf1 Qd1+ 36. Kg2 Qg4+ 37. Kh2 Qh5+ 38. Kg1 Qd1+ 39. Kg2
Qg4+ 40. Kh2 Qh5+ 41. Kg3 Qg4+ 42. Kh2 1/2-1/2

[Event "Open Nuevo Centro. Jornada 5"]
[Site "Chess.com"]
[Date "2020.07.17"]
[Round "8"]
[White "Fitzpatrick Dimas, Kevin"]
[Black "Martínez Cuenca, Adrián"]
[Result "1-0"]
[WhiteElo "934"]
[BlackElo "637"]
[PlyCount "51"]
[EventDate "2020.??.??"]

1. e4 e5 2. Bc4 Nf6 3. Nc3 Nc6 4. Nf3 Ng4 5. Ng5 f6 6. Nf7 Nb4 7. Nxd8 b6 8. a3
Nc6 9. Qxg4 Nd4 10. Qh5+ g6 11. Qh4 g5 12. Qh5+ Ke7 13. Qe8+ Kxe8 14. d3 Nxc2+
15. Ke2 Nd4+ 16. Ke3 Nc2+ 17. Kd2 Nxa1 18. Ke2 g4 19. Be3 Kxd8 20. Rxa1 a6 21.
b4 a5 22. bxa5 Ba6 23. Bd5 Bxd3+ 24. Kxd3 f5 25. Bxa8 c5 26. axb6 1-0

[Event "Open Nuevo Centro. Jornada 5"]
[Site "Chess.com"]
[Date "2020.07.17"]
[Round "8"]
[White "Gimeno Higueras, Roberto"]
[Black "Lopez Mateo, Juan Carlos"]
[Result "0-1"]
[WhiteElo "2071"]
[BlackElo "2210"]
[PlyCount "52"]
[EventDate "2020.??.??"]

1. e4 c5 2. c3 Nf6 3. e5 Nd5 4. Bc4 Nb6 5. Bb3 c4 6. Bc2 Nc6 7. Nf3 Qc7 8. Qe2
g5 9. h3 Bg7 10. Nxg5 Qxe5 11. Qxe5 Nxe5 12. f4 Nd3+ 13. Bxd3 cxd3 14. O-O d6
15. Na3 a6 16. Rf3 Bf5 17. g4 Bd7 18. Rxd3 h5 19. Rg3 hxg4 20. hxg4 Rh4 21. f5
Be5 22. Rg2 Bc6 23. d4 Bf6 24. Rg3 Rh1+ 25. Kf2 Bxg5 26. Bxg5 Rxa1 0-1

[Event "Open Nuevo Centro. Jornada 5"]
[Site "Chess.com"]
[Date "2020.07.17"]
[Round "8"]
[White "Jordan Martinez, David"]
[Black "Macias Pino, Diego"]
[Result "0-1"]
[WhiteElo "2046"]
[BlackElo "2255"]
[PlyCount "50"]
[EventDate "2020.??.??"]

1. e4 c6 2. d4 d5 3. exd5 cxd5 4. c4 Nf6 5. Nc3 Nc6 6. Bg5 dxc4 7. d5 Ne5 8.
Qd4 Ned7 9. Bxc4 a6 10. Nf3 b5 11. Bb3 Bb7 12. O-O h6 13. Bh4 g5 14. Bg3 Bg7
15. Rfe1 O-O 16. Rad1 Nxd5 17. Qd2 Nxc3 18. bxc3 Nc5 19. Qe3 Qc8 20. Be5 Nxb3
21. Bxg7 Kxg7 22. Nxg5 Qc5 23. Ne6+ fxe6 24. Qxe6 Qxf2+ 25. Kh1 Qxg2# 0-1

[Event "Open Nuevo Centro. Jornada 5"]
[Site "Chess.com"]
[Date "2020.07.17"]
[Round "8"]
[White "Rabbani Perez, Oumaima"]
[Black "Galcin Plitnikas, Artiom"]
[Result "0-1"]
[WhiteElo "621"]
[BlackElo "867"]
[PlyCount "58"]
[EventDate "2020.??.??"]

1. e3 c5 2. Nc3 Nc6 3. Nf3 d6 4. Ng5 g6 5. Bc4 e6 6. Nxe6 Bxe6 7. Bxe6 fxe6 8.
Qg4 Nf6 9. Qxe6+ Ne7 10. Qxf6 Rg8 11. Nb5 Bg7 12. Nxd6+ Kd7 13. Qf4 Kc7 14.
Nc4+ Kc8 15. Qe5 Bxe5 16. Nxe5 Rf8 17. b3 Nd5 18. Ba3 Rxf2 19. Kxf2 Qf6+ 20.
Nf3 Kc7 21. Bxc5 b6 22. Bd4 Qe6 23. Ng5 Qe8 24. Nxh7 Qf7+ 25. Ke1 Qxh7 26. Rf1
Qe7 27. Rf3 Rf8 28. Rh3 Qf7 29. Rg3 Qf1# 0-1

[Event "Open Nuevo Centro. Jornada 5"]
[Site "Chess.com"]
[Date "2020.07.17"]
[Round "8"]
[White "Simó Serrano, Javier"]
[Black "Martínez Cuenca, Jose Andrés"]
[Result "0-1"]
[WhiteElo "886"]
[BlackElo "1004"]
[PlyCount "80"]
[EventDate "2020.??.??"]

1. d4 c5 2. c3 cxd4 3. cxd4 Nc6 4. Nf3 d5 5. Bf4 Nf6 6. e3 Bf5 7. h3 e6 8. g4
Bb4+ 9. Nc3 Be4 10. Bd3 Bxd3 11. Qxd3 Ne4 12. O-O-O Nxf2 13. Qf1 Nxh1 14. Qxh1
Bxc3 15. bxc3 O-O 16. h4 Na5 17. h5 h6 18. g5 hxg5 19. Nxg5 f6 20. Nxe6 Qc8 21.
Nxf8 Qxc3+ 22. Kb1 Qb4+ 23. Kc1 Qc4+ 24. Kb1 Qb4+ 25. Kc2 Qc4+ 26. Kb2 Qb4+ 27.
Kc1 Qxf8 28. h6 Rc8+ 29. Kb1 Qb4+ 30. Ka1 Qc3+ 31. Kb1 Qc2+ 32. Ka1 Qc3+ 33.
Kb1 Qb4+ 34. Ka1 Nb3+ 35. axb3 Qa3+ 36. Kb1 Qxb3+ 37. Ka1 Qa3+ 38. Kb1 Qb4+ 39.
Ka2 Rc2+ 40. Ka1 Qb2# 0-1

[Event "Open Nuevo Centro. Jornada 5"]
[Site "Chess.com"]
[Date "2020.07.17"]
[Round "8"]
[White "Fitzpatrick Dimas, Andrew"]
[Black "Valverde Alcaide, Miguel Alejandro"]
[Result "1-0"]
[WhiteElo "1083"]
[BlackElo "868"]
[PlyCount "57"]
[EventDate "2020.??.??"]

1. e4 e5 2. Nf3 Nc6 3. Nc3 a6 4. Bc4 Bc5 5. d3 d6 6. Ng5 Nh6 7. Nf3 Be6 8. Bxe6
fxe6 9. Bxh6 gxh6 10. Qd2 Qf6 11. Na4 Nd4 12. Nxd4 Bxd4 13. O-O Rg8 14. c3 Qg7
15. g3 Ba7 16. Qc2 O-O-O 17. Qb3 Qf7 18. Qc2 Rdf8 19. b4 Qf6 20. Rab1 Rf7 21.
b5 axb5 22. Rxb5 Rgf8 23. Rb2 Qf3 24. a3 Bxf2+ 25. Rxf2 Qe3 26. c4 Rxf2 27.
Qxf2 Rxf2 28. Rxf2 Qxd3 29. c5 1-0

[Event "Open Nuevo Centro. Jornada 5"]
[Site "Chess.com"]
[Date "2020.07.17"]
[Round "8"]
[White "Saiz Sapena, Veronica"]
[Black "Serrano Requena, Guillem"]
[Result "1-0"]
[WhiteElo "1601"]
[BlackElo "1445"]
[PlyCount "69"]
[EventDate "2020.??.??"]

1. e4 c5 2. Nc3 g6 3. Bb5 a6 4. Ba4 b5 5. Nxb5 axb5 6. Bxb5 Ba6 7. Bxa6 Nxa6 8.
a3 d5 9. e5 Bg7 10. f4 e6 11. Nf3 Ne7 12. O-O O-O 13. c3 Nf5 14. g3 Rb8 15. b4
cxb4 16. axb4 Ra8 17. Bb2 Nc7 18. Qe2 Rxa1 19. Rxa1 Qd7 20. Ra7 Ra8 21. Qf2
Rxa7 22. Qxa7 Qc8 23. Qc5 Bf8 24. Qc6 Qb8 25. Kf2 Qd8 26. d3 Ne8 27. b5 Be7 28.
b6 Qb8 29. b7 Nc7 30. c4 Ng7 31. cxd5 exd5 32. Bd4 Na6 33. Qc8+ Qxc8 34.
bxc8=Q+ Bf8 35. Qxa6 1-0